| 000 | 00611nam a2200193 4500 | ||
|---|---|---|---|
| 001 | 108722 | ||
| 003 | ES-MaACL | ||
| 005 | 20250702063054.0 | ||
| 007 | t| | ||
| 008 | 061121s1915 sp r ||||1| spa d | ||
| 100 | 0 |
_aMontoliu, Manuel de, _d1877-1961 _982679 |
|
| 245 | 1 | 0 |
_aGramática de la lengua castellana / _cManuel Montoliu. |
| 250 | _a2.ª ed. | ||
| 260 |
_aBarcelona : _bFelix & Barral Hermanos, _c1915-1916. |
||
| 300 |
_a2 vols. ; _c19 cm. |
||
| 505 | 8 | _aContiene: Vol. I. Primer grado. Vol. II. Segundo grado | |
| 852 |
_aES-MaACL _jB-4163-4164 _bR.135-C-14 |
||
| 999 |
_c108722 _d108722 |
||